|
|
|
|
| LEADER |
00000nam a2200000 a 4500 |
| 001 |
vtls001428491 |
| 003 |
SK-MaSNL |
| 005 |
20260301202641.0 |
| 008 |
240318s2001 gw a r ger |
| 020 |
|
|
|a 3809410209
|c b.c.
|
| 035 |
|
|
|a SNK000383489
|
| 035 |
|
|
|a urn:nbn:sk:snk-amknyk
|
| 035 |
|
|
|a urn:nbn:sk:snk-am003smy
|
| 035 |
|
|
|a 7A44DA9E-3D14-4C03-8C0A-FD0F5B9734E2
|
| 040 |
|
|
|a SNK
|b slo
|c SNK
|e AACR2
|
| 041 |
0 |
|
|a ger
|
| 044 |
|
|
|a DE
|
| 080 |
|
|
|a 613(084.12)
|2 1981
|
| 100 |
1 |
|
|a Lischka, Eva
|4 aut
|9 585003
|
| 245 |
1 |
0 |
|a Gesundheit und neue Energie durch Fasten
|c Eva Lischka, Norbert Lischka
|
| 260 |
|
|
|a [Niedernhausen/Ts.]
|b Bassermann
|c 2000
|e [Martin
|f Neografia]
|
| 300 |
|
|
|a 157 s.
|c 23 cm
|
| 650 |
0 |
7 |
|a životospráva
|2 SNKPH
|9 23728
|
| 655 |
|
7 |
|a príručky
|2 SNKPH
|9 74364
|
| 700 |
1 |
|
|a Lischka, Norbert
|4 aut
|9 585004
|
| 919 |
|
|
|a 3-8094-1020-9
|
| 958 |
|
|
|a OND
|
| 999 |
|
|
|c 899672
|d 901602
|
| 952 |
|
|
|t P60, <03>, [BOOK], {603}
|a SNK
|b SNK
|y PREZ
|7 0
|p 17A0334324
|o snkSC 107325
|i snkKSP 2223/2002
|0 0
|1 0
|4 0
|d 2002-02-20
|f 1
|l 0
|r 2025-09-29 00:00:00
|w 2026-02-24
|